[Event "Pan American-ch U20"]
[Site "San Salvador"]
[Date "2015.07.20"]
[Round "7"]
[White "Rodriguez, Andres"]
[Black "Garcia, Daniel Alejandro"]
[Result "0-1"]
[WhiteElo "2306"]
[BlackElo "1375"]
[PlyCount "82"]
[EventDate "2015.07.16"]
[EventType "swiss"]
[EventRounds "9"]
[EventCountry "ESA"]
[SourceTitle "EXT 2016"]
[Source "ChessBase"]
[SourceDate "2015.10.08"]
[SourceVersion "1"]
[SourceVersionDate "2015.10.08"]
[SourceQuality "1"]

1. c4 Nf6 2. Nc3 c5 3. Nf3 d5 4. cxd5 Nxd5 5. e4 Nc7 6. d4 cxd4 7. Nxd4 e5 8. Ndb5 Qxd1+ 9. Nxd1 Bb4+ 10. Ndc3 Nxb5 11. Bxb5+ Bd7 12. Bxd7+ Nxd7 13. 0-0 Bxc3 14. bxc3 0-0 15. Be3 b6 16. Rfd1 Nf6 17. f3 Rfd8 18. Bg5 Rac8 19. Rxd8+ Rxd8 20. Bxf6 gxf6 21. Rc1 Rd2 22. a4 Ra2 23. Rd1 Rxa4 24. Rd8+ Kg7 25. Rb8 Rc4 26. Rb7 Rxc3 27. Rxa7 b5 28. Rb7 Rb3 29. Kf2 Rb2+ 30. Kg3 b4 31. Rb5 b3 32. h4 h5 33. f4 exf4+ 34. Kxf4 Rb1 35. g4 b2 36. gxh5 Rf1+ 37. Kg4 b1Q 38. Rxb1 Rxb1 39. Kf5 Rf1+ 40. Kg4 Kh6 41. Kg3 Kxh5 0-1